| 000 | 00791nam a2200253Ia 4500 | ||
|---|---|---|---|
| 003 | OSt | ||
| 005 | 20221005043133.0 | ||
| 006 | a|||||r|||| 00| 0 | ||
| 007 | ta | ||
| 008 | 221004b |||||||| |||| 00| 0 eng d | ||
| 020 |
_a9781472411167 (pbk) _c2554.25 |
||
| 024 | _a24047 | ||
| 037 |
_b312, 04/12/2015, Sunrise Books _cTextual |
||
| 040 |
_aCRL _cCRL _beng |
||
| 041 |
_2eng _aeng |
||
| 082 | _aV1:19.P1, Q5 | ||
| 100 |
_aKavalski Emilian Ed. _9471927 |
||
| 245 | 0 |
_aEncounters with world affairs _b An introduction to international relations |
|
| 260 |
_aEngland _bAshgate UK _c2015 |
||
| 300 |
_axviii, 433p. _ccm. |
||
| 650 | _aHISTORY | ||
| 942 |
_hV1:19.P1, Q5 _cTEXL _2cc |
||
| 999 |
_c951353 _d951353 |
||